| Tag |
First Indicator |
Second Indicator |
Subfields |
| LEADER |
00000cam a2200000Ia 4500 |
| 001 |
in00002016402 |
| 005 |
20151031144436.0 |
| 008 |
040809s2004 ie a 000 0 eng d |
| 020 |
|
|
|a 1904301614
|
| 035 |
|
|
|a (OCoLC)ocm56114579
|
| 040 |
|
|
|a IEKBA
|c IEKBA
|d TXA
|d UtOrBLW
|
| 049 |
|
|
|a TXAM
|
| 090 |
|
|
|a PR6052.A729
|b P55 2004
|
| 100 |
1 |
|
|a Barry, Sebastian,
|d 1955-
|
| 245 |
1 |
4 |
|a The pinkening boy /
|c Sebastian Barry.
|
| 264 |
|
1 |
|a Dublin :
|b New Island,
|c 2004.
|
| 300 |
|
|
|a 25 pages ;
|c 22 cm.
|
| 336 |
|
|
|a text
|b txt
|2 rdacontent
|
| 337 |
|
|
|a unmediated
|b n
|2 rdamedia
|
| 338 |
|
|
|a volume
|b nc
|2 rdacarrier
|
| 650 |
|
0 |
|a English poetry
|x Irish authors
|y 20th century.
|
| 948 |
|
|
|a cataloged
|b h
|c 2004/11/30
|d c
|e jgreene
|f 3:04:30 pm
|
| 994 |
|
|
|a E0
|b TXA
|
| 999 |
|
|
|a MARS
|
| 999 |
f |
f |
|s dd83fa9b-874f-38a5-9b75-b580c8473fbe
|i 1a1f1f6d-8f0d-31c3-8867-37d4fd2f58f0
|t 0
|
| 952 |
f |
f |
|p ric
|a Texas A&M University
|b Rellis Campus
|c Joint Library Facility
|s JLF
|d Remote Storage
|t 0
|e PR6052.A729 P55 2004
|h Library of Congress classification
|i unmediated -- volume
|m A14831719100
|
| 998 |
f |
f |
|a PR6052.A729 P55 2004
|t 0
|l Remote Storage
|